[Event "11. Lovsprings EMT Basis 3 2000"]
[Site "Ringsted"]
[Date "2000.04.28"]
[Round "5"]
[White "Mogensen, Soren"]
[Black "Jakobsen, Henning"]
[Result "1-0"]
[WhiteElo "1100"]
[BlackElo "1224"]
[PlyCount "107"]
[EventDate "2000.??.??"]

1. e4 c5 2. Nf3 d6 3. Nc3 Nc6 4. Bb5 Bd7 5. d3 a6 6. Bc4 e6 7. a3 Nf6 8. Bf4
Be7 9. Qd2 b5 10. Ba2 h6 11. h3 O-O 12. g4 Nd4 13. Nxd4 cxd4 14. Ne2 Qb6 15. g5
hxg5 16. Bxg5 Rfe8 17. Rg1 Nh7 18. Bxe7 Rxe7 19. h4 f6 20. Nf4 Kf7 21. Nh5 Rg8
22. f3 Qc5 23. Nf4 Nf8 24. Qg2 Qe5 25. Ng6 Qh5 26. Nxe7 Kxe7 27. Qg4 Qxg4 28.
Rxg4 Rh8 29. Rxg7+ Ke8 30. O-O-O Rxh4 31. Rgg1 Rf4 32. Rdf1 Kf7 33. Rg4 Ng6 34.
Rxf4 Nxf4 35. Kd2 Ke7 36. Rh1 Ng6 37. Rh7+ Ke8 38. Rh6 Kf7 39. Rh1 Ne5 40. f4
Ng4 41. f5 Ne5 42. fxe6+ Bxe6 43. Bxe6+ Kxe6 44. Rh8 d5 45. Rh6 dxe4 46. dxe4
Nc4+ 47. Kd3 Ke5 48. b3 Nxa3 49. Rh5+ Ke6 50. Rd5 b4 51. Rxd4 a5 52. Rd8 Nb5
53. Rd5 Nd6 54. Rxa5 1-0

[Event "11. Lovsprings EMT Basis 3 2000"]
[Site "Ringsted"]
[Date "2000.04.28"]
[Round "5"]
[White "Pedersen, Jon"]
[Black "Astrup, Knud"]
[Result "1-0"]
[WhiteElo "1100"]
[BlackElo "1228"]
[PlyCount "97"]
[EventDate "2000.??.??"]

1. e4 e6 2. d4 d5 3. Nc3 Nf6 4. Bd3 c5 5. Nf3 Nc6 6. dxc5 Bxc5 7. exd5 Nxd5 8.
Nxd5 Qxd5 9. O-O O-O 10. c3 Rd8 11. Bc2 b6 12. Qxd5 exd5 13. Re1 Bb7 14. Bd2 d4
15. Ng5 h6 16. Ne4 dxc3 17. Bxc3 Bb4 18. Ba4 Bxc3 19. Nxc3 Nd4 20. Re7 Bc6 21.
Bxc6 Nxc6 22. Re3 Nb4 23. Re2 Re8 24. Rae1 Kf8 25. Kf1 Rxe2 26. Kxe2 Re8+ 27.
Kd2 Rxe1 28. Kxe1 Nd3+ 29. Ke2 Nf4+ 30. Kf3 g5 31. g3 Ne6 32. Nb5 a6 33. Nd6 b5
34. Nf5 h5 35. Ke4 Nc5+ 36. Kd4 Ne6+ 37. Kd5 Ke8 38. Kc6 Kd8 39. Kb6 Nc7 40.
Nd6 Kd7 41. Nxf7 g4 42. Ne5+ Kd6 43. Nd3 Kd7 44. Nf4 b4 45. Nxh5 Kd6 46. Nf6
Nd5+ 47. Nxd5 Kxd5 48. Kxa6 Kc4 49. Kb6 1-0

[Event "11. Lovsprings EMT Basis 3 2000"]
[Site "Ringsted"]
[Date "2000.04.28"]
[Round "5"]
[White "Simonsen, Andreas"]
[Black "Bigum, Vagn"]
[Result "1/2-1/2"]
[WhiteElo "1000"]
[BlackElo "1101"]
[PlyCount "34"]
[EventDate "2000.??.??"]

1. g3 b5 2. Bg2 c6 3. Nf3 Bb7 4. b3 Nf6 5. Bb2 e6 6. Nc3 a6 7. O-O c5 8. Ne5
Bxg2 9. Kxg2 d6 10. Nf3 Be7 11. e4 Nc6 12. Qe2 O-O 13. e5 Ne8 14. exd6 Nxd6 15.
Ne5 Nd4 16. Qd3 f6 17. Nf3 Nf7 1/2-1/2

[Event "11. Lovsprings EMT Basis 3 2000"]
[Site "Ringsted"]
[Date "2000.04.28"]
[Round "5"]
[White "Vilsgaard, Lars"]
[Black "Nielsen, Bo"]
[Result "1-0"]
[WhiteElo "1192"]
[BlackElo "1227"]
[PlyCount "119"]
[EventDate "2000.??.??"]

1. e4 c6 2. Nf3 d5 3. exd5 cxd5 4. Qe2 Nf6 5. d4 Nbd7 6. Nc3 e6 7. Bg5 h6 8.
Bh4 Bd6 9. Nxd5 O-O 10. Nxf6+ Nxf6 11. Qe3 Qa5+ 12. c3 Nd5 13. Qd3 Nf4 14. Qb5
Qxb5 15. Bxb5 Nxg2+ 16. Kf1 Nxh4 17. Nxh4 a6 18. Bd3 Bd7 19. Be4 Bc6 20. Bxc6
bxc6 21. Kg2 a5 22. Nf3 Rab8 23. Rab1 Rb5 24. b3 Bf4 25. Rhe1 g5 26. Re2 Re8
27. Ne1 Rf5 28. Nd3 Bd6 29. Rbe1 g4 30. Ne5 Bxe5 31. Rxe5 Rf3 32. R1e3 Rxe3 33.
fxe3 Ra8 34. Kg3 Kg7 35. Kxg4 f5+ 36. Kf4 Kf6 37. Rc5 Ra6 38. h4 a4 39. b4 Rb6
40. Ra5 Rb5 41. Rxa4 e5+ 42. dxe5+ Rxe5 43. Ra6 Re4+ 44. Kf3 Rxh4 45. Rxc6+ Kg5
46. a4 Rh3+ 47. Ke2 f4 48. Rc5+ Kg4 49. exf4 Rh2+ 50. Ke3 Rh3+ 51. Ke4 Rf3 52.
a5 Rxf4+ 53. Kd3 h5 54. a6 h4 55. a7 Rf8 56. Rc7 h3 57. Rh7 Kg3 58. b5 h2 59.
b6 Ra8 60. b7 1-0

[Event "11. Lovsprings EMT Basis 3 2000"]
[Site "Ringsted"]
[Date "2000.04.28"]
[Round "5"]
[White "Vintersfjord, Inette"]
[Black "Dinesen, Henrik"]
[Result "0-1"]
[WhiteElo "1000"]
[BlackElo "1104"]
[PlyCount "84"]
[EventDate "2000.??.??"]

1. e4 c6 2. Nc3 d5 3. exd5 cxd5 4. d4 Nf6 5. Nf3 Bf5 6. Bd3 Bxd3 7. Qxd3 Qb6 8.
Qb5+ Qc6 9. Ne5 Qxb5 10. Nxb5 Na6 11. O-O e6 12. Be3 Be7 13. c4 dxc4 14. Nxc4
O-O 15. a3 Nd5 16. Ncd6 Bxd6 17. Nxd6 b6 18. g3 Rfd8 19. Ne4 Rac8 20. b4 Nac7
21. Rac1 Nb5 22. Rxc8 Rxc8 23. a4 Nbc3 24. Nxc3 Rxc3 25. Bd2 Rc2 26. Rc1 Rxc1+
27. Bxc1 Nxb4 28. Bb2 g6 29. f4 a6 30. Kf1 f5 31. Ke2 Kf7 32. h3 Ke8 33. Kd2
Kd7 34. Kc3 Nd5+ 35. Kc4 Kc6 36. h4 Ne3+ 37. Kd3 Nf1 38. Kc4 Nxg3 39. Bc1 b5+
40. axb5+ axb5+ 41. Kb4 Kd5 42. Bb2 Ne2 0-1

[Event "11. Lovsprings EMT Basis 3 2000"]
[Site "Ringsted"]
[Date "2000.05.05"]
[Round "6"]
[White "Astrup, Knud"]
[Black "Vilsgaard, Lars"]
[Result "1-0"]
[WhiteElo "1228"]
[BlackElo "1192"]
[PlyCount "47"]
[EventDate "2000.??.??"]

1. f4 Nc6 2. Nf3 d5 3. e3 Bg4 4. b3 e6 5. Bb2 Nf6 6. Bb5 Qd6 7. Bxf6 gxf6 8.
O-O Bg7 9. d4 a6 10. Bxc6+ Qxc6 11. Nbd2 O-O 12. Rc1 Rfe8 13. Qe1 e5 14. fxe5
fxe5 15. Qf2 Bxf3 16. Nxf3 Qg6 17. dxe5 Bxe5 18. c4 dxc4 19. Rxc4 Bd6 20. h3
Qe6 21. Rg4+ Kf8 22. e4 b6 23. Kh1 Rad8 24. Ng5 1-0

[Event "11. Lovsprings EMT Basis 3 2000"]
[Site "Ringsted"]
[Date "2000.05.09"]
[Round "6"]
[White "Dinesen, Henrik"]
[Black "Abdi, Farhad"]
[Result "1-0"]
[WhiteElo "1104"]
[BlackElo "1027"]
[PlyCount "115"]
[EventDate "2000.??.??"]

1. d4 Nf6 2. c4 e6 3. Nc3 c5 4. d5 Be7 5. Nf3 d6 6. dxe6 Bxe6 7. Qb3 O-O 8.
Qxb7 Nbd7 9. e4 Nb6 10. Qa6 Ng4 11. Bf4 Nf6 12. b3 Bc8 13. Qa3 Bb7 14. Bd3 Nh5
15. Qc1 Nxf4 16. Qxf4 Bf6 17. Rc1 Re8 18. O-O Be5 19. Nxe5 Rxe5 20. Rcd1 a6 21.
Bb1 Nc8 22. Qxe5 Qd7 23. Qf5 Qe7 24. Nd5 Bxd5 25. exd5 g6 26. Qf4 Nb6 27. Rde1
Qc7 28. Qg5 Kg7 29. Qe7 Qb8 30. Re3 Ra7 31. Qg5 Qf8 32. Rfe1 Ra8 33. Qe7 a5 34.
Qxf8+ Kxf8 35. Re7 a4 36. Rb7 axb3 37. axb3 Nc8 38. b4 cxb4 39. Rxb4 Ne7 40.
Be4 Rc8 41. Bc2 Rd8 42. Reb1 Kg7 43. Rb8 Rxb8 44. Rxb8 Kf6 45. Rb7 h5 46. c5
dxc5 47. d6 Nc6 48. Bb3 Ne5 49. Rc7 g5 50. Rxc5 Nd7 51. Rc7 Ne5 52. Ba4 Ke6 53.
d7 Ke7 54. Rc5 f6 55. Rxe5+ fxe5 56. f3 h4 57. Kf2 Kd8 58. Ke3 1-0

[Event "11. Lovsprings EMT Basis 3 2000"]
[Site "Ringsted"]
[Date "2000.05.05"]
[Round "6"]
[White "Nielsen, Poul"]
[Black "Vintersfjord, Inette"]
[Result "1-0"]
[WhiteElo "1085"]
[BlackElo "1000"]
[PlyCount "95"]
[EventDate "2000.??.??"]

1. d4 d5 2. Nc3 Nf6 3. Bf4 a6 4. g3 Bf5 5. Bg2 e6 6. a3 Nc6 7. Nf3 Be7 8. Nh4
Bg6 9. Nxg6 fxg6 10. Bh3 Qd7 11. Qd2 O-O 12. Qe3 Nd8 13. Rd1 Qc6 14. Qf3 Bd6
15. Bxd6 Qxd6 16. Qd3 Nc6 17. O-O Rae8 18. e3 e5 19. Ne2 exd4 20. Nxd4 Ne5 21.
Qb3 c5 22. Ne2 b5 23. Bg2 c4 24. Qa2 Qe6 25. Nf4 Qf5 26. Nxd5 Qxc2 27. Rc1 Qf5
28. Nf4 Nd3 29. Nxd3 Qxd3 30. Rfd1 Qf5 31. Rd4 Ne4 32. f3 Ng5 33. Kf2 Qe5 34.
Re1 Ne4+ 35. Kg1 Nc5 36. f4 Qe7 37. Qb1 Nb3 38. Re4 Qc5 39. Rxe8 Rxe8 40. Kf2
g5 41. Qd1 gxf4 42. gxf4 a5 43. Qd7 Kf8 44. Bc6 Qh5 45. Rg1 Qxh2+ 46. Rg2 Qh4+
47. Rg3 Qh2+ 48. Bg2 1-0

[Event "11. Lovsprings EMT Basis 3 2000"]
[Site "Ringsted"]
[Date "2000.05.05"]
[Round "6"]
[White "Pedersen, Jon"]
[Black "Mogensen, Soren"]
[Result "0-1"]
[WhiteElo "1100"]
[BlackElo "1100"]
[PlyCount "106"]
[EventDate "2000.??.??"]

1. e4 c5 2. d4 cxd4 3. c3 d3 4. Bxd3 Nc6 5. Bf4 e5 6. Bg3 Bc5 7. Nf3 d6 8. Nbd2
Be6 9. Nb3 Bb6 10. O-O Qe7 11. Qd2 h6 12. Rfd1 Bc7 13. Nc1 a6 14. a4 a5 15. b4
axb4 16. cxb4 Qd7 17. Ne2 Bb3 18. Rdc1 Rxa4 19. Rxa4 Bxa4 20. Qc3 Nge7 21. Ra1
b5 22. Rc1 O-O 23. Ne1 Rb8 24. Nc2 Bb6 25. Na3 Bd4 26. Nxd4 Nxd4 27. Qc7 Qxc7
28. Rxc7 Rc8 29. Rxc8+ Nxc8 30. Kf1 Kf8 31. f3 Ne7 32. Bf2 Nec6 33. Bxd4 Nxd4
34. Ke1 Ke7 35. Kf2 Ke6 36. h3 Kd7 37. Ke3 Kc6 38. Kd2 Kb6 39. Ke3 Nc6 40. Nc2
Bxc2 41. Bxc2 Nxb4 42. Bb3 f6 43. Kd2 Kc5 44. Kc3 d5 45. exd5 Nxd5+ 46. Bxd5
Kxd5 47. Kb4 Kc6 48. g3 f5 49. g4 fxg4 50. hxg4 g6 51. Kc3 Kd5 52. Kd3 h5 53.
Kc3 h4 0-1

[Event "11. Lovsprings EMT Basis 3 2000"]
[Site "Ringsted"]
[Date "2000.05.05"]
[Round "6"]
[White "Simonsen, Andreas"]
[Black "Nielsen, Bo"]
[Result "0-1"]
[WhiteElo "1000"]
[BlackElo "1227"]
[PlyCount "50"]
[EventDate "2000.??.??"]

1. g3 d5 2. Bg2 c6 3. Nf3 Nd7 4. O-O e5 5. d4 e4 6. Ne5 h6 7. e3 Ngf6 8. Bh3
Bd6 9. f4 exf3 10. Nxf3 Ne4 11. Nc3 Ndf6 12. Bxc8 Rxc8 13. Ne5 Nxc3 14. bxc3
O-O 15. Ng4 Ne4 16. Bb2 Qg5 17. h4 Qg6 18. Ne5 Qxg3+ 19. Kh1 Qxh4+ 20. Kg1 Bxe5
21. dxe5 Qg5+ 22. Kh1 Ng3+ 23. Kh2 Qh4+ 24. Kg2 Qg5 25. Rf3 Ne4+ 0-1

[Event "11. Lovsprings EMT Basis 3 2000"]
[Site "Ringsted"]
[Date "2000.05.12"]
[Round "7"]
[White "Abdi, Farhad"]
[Black "Mogensen, Soren"]
[Result "1-0"]
[WhiteElo "1027"]
[BlackElo "1100"]
[PlyCount "131"]
[EventDate "2000.??.??"]

1. Nf3 Nc6 2. g3 d5 3. Bg2 Bf5 4. d3 e6 5. O-O Bc5 6. Bf4 Nf6 7. Re1 O-O 8. a3
Ng4 9. d4 Bb6 10. c3 Ne7 11. Ne5 Nxe5 12. Bxe5 Ng6 13. f4 c5 14. e4 Bxe4 15.
Bxe4 dxe4 16. Rxe4 Nxe5 17. fxe5 cxd4 18. cxd4 Qg5 19. Nc3 Rad8 20. Ne2 Rd7 21.
Rc1 g6 22. Rc4 Rd5 23. Kg2 Rfd8 24. h4 Qe7 25. Qd2 Qf8 26. Qb4 Qxb4 27. Rxb4
Kg7 28. Kf3 Rc8 29. Ke3 Rc7 30. Kd3 Ba5 31. Rc4 Rxc4 32. Kxc4 a6 33. Nc3 Rd8
34. a4 Rc8+ 35. Kd3 Rc6 36. d5 exd5 37. Nxd5 Rc5 38. Nc3 Rc8 39. Rc4 Rd8+ 40.
Rd4 Rxd4+ 41. Kxd4 Bb6+ 42. Kd5 Bf2 43. Ne4 Bg1 44. b4 Kf8 45. Nd6 b6 46. Ne4
Ke7 47. g4 h6 48. h5 g5 49. Nf6 Kf8 50. Kc6 a5 51. bxa5 bxa5 52. Kb5 Bd4 53.
Kxa5 Kg7 54. Nd7 f5 55. exf6+ Bxf6 56. Nxf6 Kxf6 57. Kb5 Ke5 58. Kc4 Kf4 59.
Kd4 Kxg4 60. a5 Kxh5 61. a6 g4 62. a7 Kh4 63. a8=Q Kh3 64. Qh1+ Kg3 65. Ke3 h5
66. Qxh5 1-0

[Event "11. Lovsprings EMT Basis 3 2000"]
[Site "Ringsted"]
[Date "2000.05.12"]
[Round "7"]
[White "Astrup, Knud"]
[Black "Jakobsen, Henning"]
[Result "1-0"]
[WhiteElo "1228"]
[BlackElo "1224"]
[PlyCount "91"]
[EventDate "2000.??.??"]

1. f4 Nf6 2. Nf3 d6 3. e3 g6 4. Bb5+ c6 5. Be2 Bg7 6. O-O O-O 7. d4 Nbd7 8. Nc3
Ne8 9. Bd2 f5 10. Qe1 Ndf6 11. Qh4 d5 12. Ne5 Nd6 13. b3 Nfe4 14. Nxe4 Nxe4 15.
Qe1 Bxe5 16. fxe5 e6 17. c4 Kg7 18. Rc1 h5 19. cxd5 exd5 20. Bf3 Bd7 21. Bxe4
fxe4 22. Rxf8 Qxf8 23. Qh4 Kh6 24. Rf1 Bf5 25. g4 Qg7 26. gxf5 gxf5+ 27. Qg3
Qg4 28. Qxg4 fxg4 29. Be1 Kg5 30. Kg2 b5 31. Bb4 Re8 32. Rf7 Kg6 33. Rxa7 Rc8
34. Kg3 Kh6 35. Rf7 Kg6 36. Rf6+ Kh7 37. Kh4 Ra8 38. a3 Rg8 39. Kxh5 g3 40.
hxg3 Rxg3 41. Rxc6 Rxe3 42. Rc3 Rf3 43. Rxf3 exf3 44. Be1 Kg7 45. Bf2 Kf7 46.
a4 1-0

[Event "11. Lovsprings EMT Basis 3 2000"]
[Site "Ringsted"]
[Date "2000.05.12"]
[Round "7"]
[White "Nielsen, Bo"]
[Black "Janbazi, Farzad"]
[Result "1/2-1/2"]
[WhiteElo "1227"]
[BlackElo "1039"]
[PlyCount "124"]
[EventDate "2000.??.??"]

1. d4 b6 2. e4 Bb7 3. c4 Bxe4 4. Qe2 d5 5. Nc3 Nf6 6. f3 Bg6 7. cxd5 Nxd5 8.
Qc4 e6 9. Qa4+ c6 10. Nxd5 exd5 11. Ba6 b5 12. Bxb5 cxb5 13. Qxb5+ Nd7 14. Ne2
Be7 15. O-O O-O 16. Qxd5 Bd3 17. Rf2 Bxe2 18. Rxe2 Bf6 19. Bf4 Re8 20. Rae1
Rxe2 21. Rxe2 Nb6 22. Qxd8+ Rxd8 23. Be5 Bxe5 24. Rxe5 Nc4 25. Re7 a5 26. Ra7
Nxb2 27. Rxa5 Rc8 28. d5 Nd3 29. h4 h5 30. Kh2 Kf8 31. d6 Ke8 32. Ra7 Nc5 33.
Re7+ Kd8 34. Rxf7 g6 35. Rg7 Ne6 36. Rxg6 Kd7 37. Rh6 Kxd6 38. Rxh5 Ra8 39. Rh6
Rxa2 40. f4 Ke7 41. Kg3 Ng7 42. Kh3 Kf7 43. g3 Nf5 44. Rh5 Kg6 45. Rg5+ Kf6 46.
h5 Ne7 47. h6 Ng6 48. Kg4 Kf7 49. h7 Ra8 50. Kh5 Nh8 51. Rg8 Rxg8 52. hxg8=Q+
Kxg8 53. f5 Kf7 54. Kh6 Kf6 55. g4 Nf7+ 56. Kh5 Nh8 57. Kh4 Nf7 58. Kg3 Nh6 59.
Kf4 Nf7 60. Ke4 Nh6 61. Kf3 Nxf5 62. gxf5 Kxf5 1/2-1/2

[Event "11. Lovsprings EMT Basis 3 2000"]
[Site "Ringsted"]
[Date "2000.05.12"]
[Round "7"]
[White "Nielsen, Poul"]
[Black "Dinesen, Henrik"]
[Result "0-1"]
[WhiteElo "1085"]
[BlackElo "1104"]
[PlyCount "110"]
[EventDate "2000.??.??"]

1. Nf3 d5 2. g3 Nf6 3. Bg2 Nbd7 4. d4 e6 5. Bd2 Bd6 6. O-O O-O 7. Re1 c5 8. c3
Qc7 9. Na3 a6 10. Qc2 c4 11. b4 b5 12. Nb1 Bb7 13. a4 Bc6 14. a5 e5 15. Be3 e4
16. Nh4 Ng4 17. Qd2 f5 18. f4 Qd8 19. Bh3 Nxe3 20. Qxe3 g6 21. Rf1 Be7 22. Ng2
g5 23. fxg5 Bxg5 24. Nf4 Qf6 25. Qf2 Qh6 26. Kg2 Rf6 27. e3 Raf8 28. Qe2 Kh8
29. Rf2 R8f7 30. Qf1 Nf8 31. Kh1 Bxf4 32. Rxf4 Bd7 33. Ra2 Ng6 34. Rff2 Qxe3
35. Rae2 Qg5 36. Qg1 Kg7 37. Bf1 f4 38. h4 Qxg3 39. Qxg3 fxg3 40. Rxf6 Rxf6 41.
Nd2 Nxh4 42. Re3 g2+ 43. Bxg2 Nxg2 44. Kxg2 Rg6+ 45. Kf2 h5 46. Nf1 Kh6 47. Rg3
Rxg3 48. Kxg3 Kg5 49. Ne3 Be6 50. Ng2 Bd7 51. Ne3 h4+ 52. Kh2 Be6 53. Nf1 Kf4
54. Kg2 e3 55. Nh2 h3+ 0-1

[Event "11. Lovsprings EMT Basis 3 2000"]
[Site "Ringsted"]
[Date "2000.05.12"]
[Round "7"]
[White "Simonsen, Arnhold"]
[Black "Simonsen, Andreas"]
[Result "0-1"]
[WhiteElo "1000"]
[BlackElo "1000"]
[PlyCount "74"]
[EventDate "2000.??.??"]

1. e4 g6 2. f4 Bg7 3. e5 d6 4. Nf3 Bh6 5. g4 Bxg4 6. Rg1 Qd7 7. h3 Bxf3 8. Qxf3
Qe6 9. d4 dxe5 10. dxe5 f6 11. h4 fxe5 12. Bh3 Qb6 13. Qg4 Nd7 14. Qxd7+ Kf7
15. Rf1 Qa5+ 16. Bd2 Qc5 17. fxe5+ Kg7 18. Bxh6+ Nxh6 19. e6 Qe5+ 20. Kd2 Rad8
21. Qxd8 Rxd8+ 22. Kc1 Qe3+ 23. Nd2 Qxd2+ 24. Kb1 Qe2 25. b4 Rd6 26. Kb2 Qc4
27. c3 Rd2+ 28. Ka3 Qxc3+ 29. Ka4 Qxh3 30. a3 Qxe6 31. Rfd1 Qc6+ 32. b5 Qc4+
33. Ka5 Ra2 34. h5 Nf5 35. hxg6 Nd6 36. Rf1 Rxa1 37. Rxa1 Qxb5# 0-1

[Event "11. Lovsprings EMT Basis 3 2000"]
[Site "Ringsted"]
[Date "2000.05.12"]
[Round "7"]
[White "Vilsgaard, Lars"]
[Black "Pedersen, Jon"]
[Result "0-1"]
[WhiteElo "1192"]
[BlackElo "1100"]
[PlyCount "70"]
[EventDate "2000.??.??"]

1. e4 c6 2. Nf3 d5 3. exd5 cxd5 4. d4 Nf6 5. Nc3 e6 6. Bb5+ Bd7 7. Qe2 a6 8.
Bxd7+ Nbxd7 9. Bg5 Be7 10. Bxf6 Nxf6 11. O-O O-O 12. a3 Rc8 13. h3 Qb6 14. Rfb1
Rc4 15. Nd1 Rfc8 16. c3 Ne4 17. Ne3 R4c7 18. Ne5 Bf6 19. N5g4 Be7 20. Ne5 Bd6
21. Nf3 Qa7 22. Nf1 b5 23. N1d2 Nxd2 24. Qxd2 Qb6 25. Qd3 h6 26. Qe2 a5 27. Nh2
b4 28. axb4 axb4 29. Ra6 Bxh2+ 30. Kxh2 Qb8 31. cxb4 Rc2+ 32. Kg1 Rxe2 33. Kf1
Rxb2 34. Rba1 Qxb4 35. g3 Qxd4 0-1

[Event "11. Lovsprings EMT Basis 3 2000"]
[Site "Ringsted"]
[Date "2000.05.12"]
[Round "7"]
[White "Vintersfjord, Inette"]
[Black "Bigum, Vagn"]
[Result "1-0"]
[WhiteElo "1000"]
[BlackElo "1101"]
[PlyCount "49"]
[EventDate "2000.??.??"]

1. e4 d5 2. exd5 Nf6 3. Nc3 Nxd5 4. Nxd5 Qxd5 5. h3 Nc6 6. Nf3 e5 7. d3 Be7 8.
Be2 h6 9. O-O Be6 10. Be3 Nd4 11. c3 Nxe2+ 12. Qxe2 O-O 13. Bd2 Bd6 14. c4 Qc6
15. b3 Rae8 16. Rfe1 f6 17. Be3 Bc5 18. Bxc5 Qxc5 19. Qe4 c6 20. d4 exd4 21.
Qxd4 Qa5 22. Qd6 Bf7 23. Qd7 Rxe1+ 24. Nxe1 Re8 25. Qd1 1-0